Ends in 'M' per Letter Quiz Stats

Quiz Updated Jun 6, 2013

Also try: Ends in 'CLE'
Challenge
Share
Tweet
Embed
Score 0/26 Timer 04:00
6 Plays Today
Letter __M Word % Correct
Bbroom
98.4%
Ddenim
97.9%
IIslam
94.7%
Rransom
93%
Zzoom
92.3%
Kkaboom
92.1%
Aahem
91.9%
Fforum
89.7%
Vvroom
89.4%
Mmodem
85.6%
Pprism
84.8%
Wworm
84.8%
Hharem
84.4%
Letter __M Word % Correct
Sspasm
83.4%
Ttandem
79.5%
Eembalm
76%
Uunum
73.8%
Qqualm
72.6%
Jjetsam
72.2%
Ggloom
71.5%
Nnapalm
69.3%
Cchasm
67.9%
Lloam
60%
Xxylem
44.3%
YYokum
25.4%
Oodium
23.3%

You're not logged in!

Compare scores with friends on all Sporcle quizzes.
Join for Free
OR
Log In

You Might Also Like...

Show Comments

Extras

Top Quizzes Today


Score Distribution

Your Account Isn't Verified!

In order to create a playlist on Sporcle, you need to verify the email address you used during registration. Go to your Sporcle Settings to finish the process.

Report this User

Report this user for behavior that violates our Community Guidelines.

Details: